000 00969nam a22003377a 4500
001 BR2019001792
003 BR-BrBNA
005 20230928105447.0
007 ta
008 230509b bl.||||| |||| 00| 0 por d
020 _a85-7455-080-9
040 _aBR-BrBNA
_bpor
_cBiblioteca Nacional de Agricultura
041 _a(Por)
072 _aE21; E14; D50
090 _ E21 BR2019001792
100 1 _aNascimento, F.R. do
110 1 _aUniversidade Estadual de Santa Cruz, Ilhéus, BA (Brasil)
_910661
245 1 _aPolíticas públicas e o agronegócio cacau
260 3 _aIlhéus, BA (Brasil):
_c2004.
300 _a278 p.
500 _a31 ref.; 11 tables
650 _aPOLÍTICAS PÚBLICAS
650 _aCACAUICULTURA
650 _aAGRONEGÓCIO
650 _aINDÚSTRIA AGRÍCOLA
650 _aCOOPERATIVA DE PRODUTORES
650 _aPROJETO DE DESENVOLVIMENTO
650 _aLEGISLAÇÃO
909 _a202309
_bLucia
_c55
_dLucia Elande
942 _cBK
999 _c85254
_d85254